000 00470nam a2200193Ia 4500
005 20240823041044.0
008 240823s9999||||xx |||||||||||||| ||und||
020 _a978-93-5023-613-0
041 _aENGLISH
082 _A629.892 Q2
100 _aTero Karvinen and Kimmo Karvinen
245 0 _aMake a Mind Controlled Arduino Robot
250 _a2nd
260 _c2012
_bOr
500 _aYES
650 _amind control
_bMechanical
942 _cBK
999 _c204581
_d204581